[Event "Bundesliga 2122"]
[Site "Germany"]
[Date "2022.05.14"]
[Round "7.1"]
[White "Stern, Rene"]
[Black "Ragger, Markus"]
[Result "1/2-1/2"]
[WhiteElo "2510"]
[BlackElo "2647"]
[PlyCount "161"]
[EventDate "2022.03.05"]
[EventType "team-tourn"]
[EventRounds "15"]
[EventCountry "GER"]
[SourceTitle "EXT 2023"]
[Source "ChessBase"]
[SourceDate "2022.10.05"]
[SourceVersion "1"]
[SourceVersionDate "2022.10.05"]
[SourceQuality "1"]
[WhiteTeam "Koenig Tegel"]
[BlackTeam "Solingen"]
[WhiteTeamCountry "GER"]
[BlackTeamCountry "GER"]

1. Nf3 Nf6 2. c4 c5 3. Nc3 Nc6 4. d4 cxd4 5. Nxd4 e6 6. e4 Bc5 7. Nb3 Bb4 8. Bd3 0-0 9. 0-0 Ne5 10. Bg5 h6 11. Bh4 Ng6 12. Bg3 Bxc3 13. bxc3 e5 14. Re1 d6 15. Rb1 Qc7 16. f3 Be6 17. Nd2 Rfd8 18. Bf2 Nd7 19. g3 Nc5 20. Bc2 Qa5 21. Re3 Qa6 22. Bb3 Rac8 23. Qe2 Qc6 24. Bc2 Nd7 25. Rd1 Nb6 26. Bb3 a5 27. a3 Nd7 28. Rb1 Rc7 29. Qd1 Nc5 30. Bc2 Qa6 31. Qf1 Rdc8 32. Ree1 Qc6 33. Rb5 Nd7 34. Reb1 b6 35. Bd3 Rb8 36. Be3 Nc5 37. Bc2 Bd7 38. Qf2 Rcb7 39. f4 Qc7 40. R5b2 Nf8 41. f5 Ba4 42. f6 Bxc2 43. Rxc2 Nh7 44. fxg7 Kxg7 45. Qe2 Qd7 46. Nf3 Qg4 47. Nh4 Qxe2 48. Rxe2 Nxe4 49. Bxh6+ Kxh6 50. Rxe4 Ng5 51. Re2 Rc7 52. Nf5+ Kg6 53. Nxd6 Rc6 54. Ne4 Ne6 55. Rb5 f6 56. Rf2 Ng5 57. Nxg5 Kxg5 58. Rf4 Rbc8 59. h4+ Kg6 60. Rf3 Re6 61. c5 Rxc5 62. Rxc5 bxc5 63. Rd3 Kf5 64. Rd5 Rc6 65. Kf2 Ke4 66. c4 f5 67. g4 fxg4 68. Kg3 Kf5 69. Rd1 Rb6 70. Rf1+ Kg6 71. Kxg4 Rb3 72. h5+ Kg7 73. Rf5 Rc3 74. Rxe5 Rxc4+ 75. Kg5 Rc3 76. h6+ Kg8 77. a4 Rc4 78. Re8+ Kh7 79. Re7+ Kh8 80. Re8+ Kh7 81. Re7+ 1/2-1/2

[Event "Berlin-ch"]
[Site "Berlin"]
[Date "2022.04.21"]
[Round "7"]
[White "Piz, Maxim"]
[Black "Stern, Rene"]
[Result "0-1"]
[WhiteElo "2143"]
[BlackElo "2509"]
[PlyCount "66"]
[EventDate "2022.04.15"]
[EventType "swiss"]
[EventRounds "9"]
[EventCountry "GER"]
[SourceTitle "CBM 207 Extra"]
[Source "ChessBase"]
[SourceDate "2022.05.31"]
[SourceVersion "1"]
[SourceVersionDate "2022.05.31"]
[SourceQuality "1"]

1. e4 e5 2. Nf3 Nc6 3. Bb5 a6 4. Bxc6 dxc6 5. d3 Bd6 6. Nbd2 f6 7. Nc4 Be6 8. Nxd6+ cxd6 9. 0-0 Ne7 10. Ne1 Ng6 11. Be3 0-0 12. d4 Bc4 13. Nd3 d5 14. exd5 exd4 15. Bxd4 Qxd5 16. Be3 Rad8 17. Bb6 Rd7 18. Qg4 f5 19. Qg5 Bxd3 20. cxd3 Qb5 21. Be3 Rd5 22. f4 Rxd3 23. Bf2 Rf6 24. g3 Qxb2 25. Rab1 Qxa2 26. Rxb7 h6 27. Qh5 Qd5 28. Rb8+ Kh7 29. Qe2 Re6 30. Qb2 Nxf4 31. Rh8+ Kxh8 32. Qb8+ Kh7 33. Qxf4 Rd1 0-1

[Event "Berlin-ch"]
[Site "Berlin"]
[Date "2022.04.17"]
[Round "3"]
[White "Hesse, Henrik"]
[Black "Stern, Rene"]
[Result "0-1"]
[WhiteElo "2191"]
[BlackElo "2509"]
[PlyCount "154"]
[EventDate "2022.04.15"]
[EventType "swiss"]
[EventRounds "9"]
[EventCountry "GER"]
[SourceTitle "CBM 207 Extra"]
[Source "ChessBase"]
[SourceDate "2022.05.31"]
[SourceVersion "1"]
[SourceVersionDate "2022.05.31"]
[SourceQuality "1"]

1. c4 c5 2. Nf3 Nf6 3. d4 cxd4 4. Nxd4 e5 5. Nb5 d5 6. cxd5 Bc5 7. e3 0-0 8. Be2 a6 9. N5c3 e4 10. 0-0 Nbd7 11. Nd2 Qe7 12. a3 b5 13. d6 Bxd6 14. Ndxe4 Nxe4 15. Nxe4 Bxh2+ 16. Kxh2 Qxe4 17. Qd4 Qxd4 18. exd4 Bb7 19. Be3 Nb6 20. Rac1 Bd5 21. Rc5 Rfd8 22. Bf4 Bc4 23. Bxc4 Nxc4 24. b3 Na5 25. Bc7 Nxb3 26. Bxd8 Nxc5 27. Be7 Nd3 28. d5 f6 29. d6 Kf7 30. Rd1 Nxf2 31. Rc1 Ng4+ 32. Kg3 Ne5 33. Rc7 Ke6 34. Kf4 Ng6+ 35. Ke4 f5+ 36. Kd4 Nxe7 37. Rxe7+ Kxd6 38. Rxg7 Rc8 39. Rxh7 Rc4+ 40. Ke3 Ra4 41. Rh8 Ke5 42. Re8+ Kf6 43. Rf8+ Ke6 44. Re8+ Kd7 45. Rf8 Rxa3+ 46. Kd4 Ke6 47. Rg8 Ra4+ 48. Ke3 f4+ 49. Kd3 Kd5 50. Rg5+ Kc6 51. Rf5 Rc4 52. Rf6+ Kb7 53. Rf7+ Kb6 54. Rf6+ Ka5 55. Re6 Ra4 56. Kc3 Ra3+ 57. Kb2 Rg3 58. Re2 b4 59. Rf2 Rg4 60. Kb3 Kb5 61. Re2 Rg3+ 62. Kb2 Re3 63. Rf2 Re4 64. Rf3 a5 65. g3 fxg3 66. Rxg3 a4 67. Rg8 a3+ 68. Kb3 Re3+ 69. Ka2 Re2+ 70. Ka1 b3 71. Rb8+ Kc4 72. Rc8+ Kd5 73. Rd8+ Kc6 74. Rd1 Kc5 75. Rh1 Kd4 76. Rd1+ Ke3 77. Kb1 Kf2 0-1

[Event "Bundesliga 2122"]
[Site "Germany"]
[Date "2022.04.10"]
[Round "4.6"]
[White "Stern, Rene"]
[Black "Svane, Rasmus"]
[Result "0-1"]
[WhiteElo "2510"]
[BlackElo "2637"]
[PlyCount "58"]
[EventDate "2022.03.05"]
[EventType "team-tourn"]
[EventRounds "15"]
[EventCountry "GER"]
[SourceTitle "EXT 2023"]
[Source "ChessBase"]
[SourceDate "2022.10.05"]
[SourceVersion "1"]
[SourceVersionDate "2022.10.05"]
[SourceQuality "1"]
[WhiteTeam "Koenig Tegel"]
[BlackTeam "Hamburger SK"]
[WhiteTeamCountry "GER"]
[BlackTeamCountry "GER"]

1. Nf3 Nf6 2. c4 c5 3. Nc3 Nc6 4. d4 cxd4 5. Nxd4 e6 6. e4 Bb4 7. Nxc6 bxc6 8. Bd3 e5 9. 0-0 Bc5 10. Re1 d6 11. Be3 0-0 12. Na4 Bxe3 13. Rxe3 Qe7 14. Qe2 Bg4 15. f3 Be6 16. c5 Rfd8 17. cxd6 Rxd6 18. b3 Rad8 19. g3 Nh5 20. Kh1 Nf4 21. gxf4 exf4 22. e5 Rd4 23. Bxh7+ Kxh7 24. Qc2+ g6 25. Re2 Bf5 26. Qxc6 Rd1+ 27. Re1 Rxa1 28. Rxa1 Qxe5 29. Qc3 Qe2 0-1

[Event "BL2-Nord 1920"]
[Site "Germany"]
[Date "2021.08.07"]
[Round "9.1"]
[White "Stern, Rene"]
[Black "Krause, Benedict"]
[Result "1/2-1/2"]
[WhiteElo "2520"]
[BlackElo "2434"]
[PlyCount "87"]
[EventDate "2019.10.19"]
[EventType "team-tourn"]
[EventRounds "9"]
[EventCountry "GER"]
[SourceTitle "EXT 2023"]
[Source "ChessBase"]
[SourceDate "2022.10.05"]
[SourceVersion "1"]
[SourceVersionDate "2022.10.05"]
[SourceQuality "1"]
[WhiteTeam "Koenig Tegel"]
[BlackTeam "St Pauli"]
[WhiteTeamCountry "GER"]
[BlackTeamCountry "GER"]

1. Nf3 Nf6 2. c4 c5 3. Nc3 d5 4. cxd5 Nxd5 5. e3 Nc6 6. Bb5 e6 7. Ne5 Bd7 8. Bxc6 Bxc6 9. Nxc6 bxc6 10. b3 Nxc3 11. dxc3 Qxd1+ 12. Kxd1 0-0-0+ 13. Kc2 c4 14. bxc4 Bc5 15. e4 h5 16. f3 e5 17. Rd1 Rxd1 18. Kxd1 Rd8+ 19. Ke2 Rd7 20. Rb1 f6 21. f4 exf4 22. Bxf4 Bb6 23. c5 Bc7 24. Bxc7 Kxc7 25. Ke3 Rd8 26. Rf1 Rb8 27. e5 Re8 28. Rf5 g6 29. Rxf6 Rxe5+ 30. Kd4 Rd5+ 31. Kc4 Rg5 32. g3 h4 33. Rf7+ Kb8 34. Rf3 Kc7 35. Kb4 hxg3 36. hxg3 Rf5 37. Re3 Kd7 38. a4 Rg5 39. Rf3 Rf5 40. Rd3+ Kc7 41. Rd4 Rg5 42. Rd3 Rg4+ 43. c4 a5+ 44. Kc3 1/2-1/2

[Event "GER-ch 92nd"]
[Site "Magdeburg"]
[Date "2021.07.29"]
[Round "7"]
[White "Stern, Rene"]
[Black "Poetsch, Hagen"]
[Result "1-0"]
[WhiteElo "2517"]
[BlackElo "2525"]
[PlyCount "145"]
[EventDate "2021.07.25"]
[EventType "swiss"]
[EventRounds "9"]
[EventCountry "GER"]
[SourceTitle "CBM 203 Extra"]
[Source "ChessBase"]
[SourceDate "2021.09.30"]
[SourceVersion "1"]
[SourceVersionDate "2021.09.30"]
[SourceQuality "1"]

1. Nf3 d5 2. d4 Nf6 3. c4 c6 4. e3 Bf5 5. cxd5 cxd5 6. Qb3 Qc7 7. Bd2 Nc6 8. Bb5 e6 9. 0-0 Bd6 10. Bb4 0-0 11. Bxc6 bxc6 12. Bxd6 Qxd6 13. Nbd2 Rab8 14. Qc3 Nd7 15. Rfc1 Rfc8 16. Ne5 Nxe5 17. dxe5 Qb4 18. Qxb4 Rxb4 19. b3 c5 20. Rc3 f6 21. Rac1 Rb5 22. Nf3 Ra5 23. exf6 Rxa2 24. Nd4 gxf6 25. h3 Ra6 26. Nxf5 exf5 27. Rxc5 Rxc5 28. Rxc5 Rd6 29. Rc8+ Kf7 30. Rc7+ Kg6 31. Rxa7 d4 32. exd4 Rxd4 33. Ra1 Rb4 34. Rb1 f4 35. Kf1 Kf5 36. Ke2 Ke4 37. Rb2 h5 38. Rb1 f3+ 39. gxf3+ Kf4 40. Rb2 Kg5 41. Kf1 Kf4 42. Kg2 f5 43. h4 Rb6 44. b4 Rg6+ 45. Kf1 Kxf3 46. Rb3+ Kf4 47. b5 Rb6 48. Kg2 Rg6+ 49. Kh3 Rb6 50. f3 Ke5 51. Kg3 f4+ 52. Kf2 Kd4 53. Rb4+ Kd3 54. Rxf4 Rxb5 55. Re4 Ra5 56. Kg3 Rf5 57. Rf4 Re5 58. Rf8 Ke3 59. Rf7 Ke2 60. Kf4 Ra5 61. Rb7 Ra4+ 62. Kg3 Ra8 63. Re7+ Kd3 64. Re5 Rh8 65. f4 Kd4 66. Kf3 Rh7 67. Ra5 Rh8 68. f5 Rg8 69. f6 Rg6 70. Rf5 Rg1 71. Kf2 Rg8 72. f7 Rf8 73. Kf3 1-0

[Event "GER-ch rapid 46th"]
[Site "Plochingen"]
[Date "2020.09.20"]
[Round "6"]
[White "Muranyi, Karl Jasmin"]
[Black "Stern, Rene"]
[Result "0-1"]
[WhiteElo "2331"]
[BlackElo "2517"]
[PlyCount "120"]
[EventDate "2020.09.19"]
[EventType "swiss"]
[EventRounds "9"]
[EventCountry "GER"]
[SourceTitle "CBM 198 Extra"]
[Source "ChessBase"]
[SourceDate "2020.11.30"]
[SourceVersion "1"]
[SourceVersionDate "2020.11.30"]
[SourceQuality "1"]

1. d4 d5 2. Nf3 e6 3. c3 b6 4. Bf4 Bd6 5. Bg3 Ba6 6. Nbd2 Nf6 7. Qa4+ Qd7 8. Qxd7+ Nbxd7 9. Bxd6 cxd6 10. e3 Bxf1 11. Kxf1 Ke7 12. Ke2 Rhc8 13. a4 a6 14. Ne1 b5 15. Nd3 Nb6 16. axb5 axb5 17. f3 Ra4 18. Rxa4 bxa4 19. Ra1 Nfd7 20. Nb4 g5 21. Kd3 f5 22. b3 axb3 23. Nxb3 Nc4 24. Ra7 Nxe3 25. Na5 Nxg2 26. Nac6+ Ke8 27. Ra1 Nf4+ 28. Ke3 Ng6 29. c4 dxc4 30. d5 exd5 31. Kd4 Nde5 32. Nxe5 dxe5+ 33. Kxd5 c3 34. Ke6 c2 35. Rc1 Rc4 36. Rxc2 Nf4+ 37. Kxf5 Rxb4 38. Rc7 Kf8 39. Rxh7 Nd3 40. Kxg5 Rf4 41. Rh3 Kg7 42. Rg3 Ne1 43. Kh5+ Kh7 44. Rg4 Rd4 45. Rg3 Rf4 46. Rg4 Rxf3 47. Re4 Nd3 48. h4 Rf4 49. Re2 Rf7 50. Kg5 Kg7 51. h5 Re7 52. Re3 Rd7 53. Kf5 Kh6 54. Rg3 Rd8 55. Ke4 Rd4+ 56. Ke3 Nf4 57. Rg8 Nd5+ 58. Kf3 Rf4+ 59. Kg3 Kxh5 60. Ra8 Rf5 0-1

[Event "GER-ch rapid 46th"]
[Site "Plochingen"]
[Date "2020.09.19"]
[Round "5"]
[White "Stern, Rene"]
[Black "Schwarz, Frank"]
[Result "1-0"]
[WhiteElo "2517"]
[BlackElo "2231"]
[PlyCount "93"]
[EventDate "2020.09.19"]
[EventType "swiss"]
[EventRounds "9"]
[EventCountry "GER"]
[SourceTitle "CBM 198 Extra"]
[Source "ChessBase"]
[SourceDate "2020.11.30"]
[SourceVersion "1"]
[SourceVersionDate "2020.11.30"]
[SourceQuality "1"]

1. Nf3 d5 2. d4 Nf6 3. c4 e6 4. Nc3 Be7 5. Bg5 a6 6. e3 0-0 7. Rc1 Nbd7 8. cxd5 exd5 9. Bd3 c6 10. Qc2 Re8 11. 0-0 h6 12. Bh4 Ne4 13. Bxe7 Qxe7 14. Bxe4 dxe4 15. Nd2 Nf6 16. b4 Bf5 17. a3 Rad8 18. Rfe1 Bg6 19. Nc4 Nd5 20. Ne2 Qg5 21. Ne5 Bf5 22. Ng3 Bh7 23. Qb3 f6 24. f4 exf3 25. Nxf3 Rxe3 26. Qa2 Qf4 27. Rf1 Bd3 28. Rfd1 Rde8 29. Qd2 Bg6 30. a4 Qd6 31. b5 cxb5 32. axb5 axb5 33. Nh4 Qf4 34. Nxg6 Re1+ 35. Qxe1 Rxe1+ 36. Rxe1 Qxd4+ 37. Kh1 Ne3 38. Ne7+ Kh7 39. Nef5 Nxf5 40. Nxf5 Qf4 41. Ng3 b4 42. Rb1 Qd2 43. Re2 Qd3 44. Reb2 f5 45. Rb3 Qd5 46. Rxb4 Qe5 47. Rb5 1-0

[Event "GER-ch"]
[Site "Magdeburg"]
[Date "2020.08.22"]
[Round "9"]
[White "Engel, Luis"]
[Black "Stern, Rene"]
[Result "1-0"]
[WhiteElo "2532"]
[BlackElo "2526"]
[PlyCount "99"]
[EventDate "2020.08.16"]
[EventType "swiss"]
[EventRounds "9"]
[EventCountry "GER"]
[SourceTitle "CBM 197 Extra"]
[Source "ChessBase"]
[SourceDate "2020.09.30"]
[SourceVersion "1"]
[SourceVersionDate "2020.09.30"]
[SourceQuality "1"]

1. e4 e5 2. Nf3 Nc6 3. Bc4 Nf6 4. d3 Be7 5. 0-0 0-0 6. Re1 d6 7. a4 a5 8. h3 h6 9. Nc3 Be6 10. b3 Re8 11. Bb2 Bf8 12. Bb5 Bd7 13. Ne2 g6 14. Ng3 Bg7 15. Qd2 Nh7 16. d4 exd4 17. Bxc6 Bxc6 18. Nxd4 Bd7 19. c4 Qg5 20. Re3 Nf8 21. Rd1 h5 22. Nf3 Qf4 23. Bxg7 Kxg7 24. Qc3+ Kg8 25. Rd5 b6 26. Rxh5 Nh7 27. Nf5 Bxf5 28. Rh4 Qxh4 29. Nxh4 Bxe4 30. f4 Re7 31. f5 Rae8 32. fxg6 fxg6 33. Rg3 Nf8 34. Nf3 Bxf3 35. Qxf3 Re1+ 36. Kh2 Kg7 37. h4 R1e5 38. h5 g5 39. h6+ Kg6 40. Rh3 R5e7 41. Qd3+ Kf7 42. h7 Ng6 43. Rh6 Re6 44. Qf5+ Kg7 45. h8Q+ Rxh8 46. Rxh8 Re5 47. Rg8+ Kxg8 48. Qxg6+ Kf8 49. Qh7 Rc5 50. Qd7 1-0

[Event "GER-ch"]
[Site "Magdeburg"]
[Date "2020.08.20"]
[Round "6"]
[White "Andre, Gordon"]
[Black "Stern, Rene"]
[Result "0-1"]
[WhiteElo "2373"]
[BlackElo "2526"]
[PlyCount "100"]
[EventDate "2020.08.16"]
[EventType "swiss"]
[EventRounds "9"]
[EventCountry "GER"]
[SourceTitle "CBM 197 Extra"]
[Source "ChessBase"]
[SourceDate "2020.09.30"]
[SourceVersion "1"]
[SourceVersionDate "2020.09.30"]
[SourceQuality "1"]

1. d4 d5 2. c4 e6 3. Nc3 Be7 4. Nf3 Nf6 5. Bf4 0-0 6. e3 b6 7. Qc2 c5 8. cxd5 exd5 9. Be2 Bb7 10. 0-0 Nbd7 11. Rfd1 a6 12. Ne5 Rc8 13. Qf5 cxd4 14. exd4 b5 15. Rd3 b4 16. Nd1 g6 17. Qh3 Rc2 18. Re3 Nxe5 19. Bxe5 Bc8 20. Qh6 Re8 21. Bd3 Rc6 22. Rf3 Bf8 23. Qf4 Bg7 24. Ne3 Rf8 25. g4 Ne8 26. Bxg7 Nxg7 27. Qh6 Ne6 28. h4 Nxd4 29. Rf4 Ne6 30. Rxb4 Qd6 31. a3 d4 32. Nf5 Qc7 33. Re1 Rd8 34. Rxd4 Rxd4 35. Nxd4 Rd6 36. Nxe6 Bxe6 37. Qf4 Qb6 38. Bf1 Rd4 39. Qf6 Rxg4+ 40. Kh2 Qd6+ 41. Re5 Re4 42. f4 Qd2+ 43. Bg2 Rxf4 44. Re2 Qd6 45. Qe5 Rxh4+ 46. Kg3 Qd8 47. Bf3 Rd4 48. Rh2 h5 49. Be4 Bf5 50. Bxf5 Rd5 0-1

[Event "GER-ch"]
[Site "Magdeburg"]
[Date "2020.08.20"]
[Round "7"]
[White "Stern, Rene"]
[Black "Miller, Eduard"]
[Result "1-0"]
[WhiteElo "2526"]
[BlackElo "2392"]
[PlyCount "79"]
[EventDate "2020.08.16"]
[EventType "swiss"]
[EventRounds "9"]
[EventCountry "GER"]
[SourceTitle "CBM 197 Extra"]
[Source "ChessBase"]
[SourceDate "2020.09.30"]
[SourceVersion "1"]
[SourceVersionDate "2020.09.30"]
[SourceQuality "1"]

1. Nf3 f5 2. d3 Nc6 3. e4 e5 4. d4 fxe4 5. Nxe5 Nf6 6. Be2 Qe7 7. Nxc6 dxc6 8. c4 Bf5 9. Nc3 Qd7 10. Be3 Bd6 11. h3 h6 12. Qd2 a6 13. 0-0-0 0-0-0 14. Kb1 Qe7 15. Ka1 c5 16. Na4 Bd7 17. Nc3 Kb8 18. Nd5 Nxd5 19. cxd5 Bc8 20. Rc1 cxd4 21. Qxd4 b6 22. Qa4 Be5 23. Rhd1 Rd6 24. Bxa6 Bxa6 25. Qxa6 Rhd8 26. Qc4 Qf7 27. Qxe4 Rxd5 28. Rxd5 Rxd5 29. Qc4 Qd7 30. a3 Rd1 31. Rxd1 Qxd1+ 32. Ka2 Qd6 33. h4 Qf6 34. Qb3 Qc6 35. g3 Qe4 36. Qe6 g5 37. hxg5 hxg5 38. Bxg5 Qe2 39. Bc1 Qe1 40. Bf4 1-0

[Event "GER-ch"]
[Site "Magdeburg"]
[Date "2020.08.17"]
[Round "2"]
[White "Stern, Rene"]
[Black "Tschernatsch, Johannes"]
[Result "1/2-1/2"]
[WhiteElo "2526"]
[BlackElo "2241"]
[PlyCount "83"]
[EventDate "2020.08.16"]
[EventType "swiss"]
[EventRounds "9"]
[EventCountry "GER"]
[SourceTitle "CBM 197 Extra"]
[Source "ChessBase"]
[SourceDate "2020.09.30"]
[SourceVersion "1"]
[SourceVersionDate "2020.09.30"]
[SourceQuality "1"]

1. Nf3 Nf6 2. c4 e6 3. Nc3 d5 4. d4 Nbd7 5. Bf4 dxc4 6. e3 Nb6 7. Bxc4 Nxc4 8. Qa4+ Bd7 9. Qxc4 Bd6 10. Bg3 0-0 11. 0-0 Rc8 12. Ne5 Qe7 13. Qb3 b6 14. Rfd1 Bxe5 15. Bxe5 Bc6 16. Rac1 a6 17. f3 Bb7 18. e4 Rfd8 19. a3 Nd7 20. Bg3 h5 21. Ne2 Nf8 22. Qe3 c5 23. dxc5 Rxd1+ 24. Rxd1 Qxc5 25. Qxc5 Rxc5 26. Nc3 b5 27. Bd6 Rc6 28. Bxf8 Kxf8 29. Rd7 Bc8 30. Ra7 e5 31. Kf2 Be6 32. Ke1 g5 33. Kd2 Kg7 34. Ke3 Rd6 35. g3 Bc4 36. Nd5 Bxd5 37. exd5 Rxd5 38. Rxa6 f5 39. Ra5 Kf6 40. a4 f4+ 41. Ke2 Rd4 42. Rxb5 1/2-1/2

[Event "Berlin Lichtenberger op 18th"]
[Site "Berlin"]
[Date "2019.08.23"]
[Round "7"]
[White "Stern, Rene"]
[Black "Barseghyan, Armen Ar"]
[Result "1/2-1/2"]
[WhiteElo "2515"]
[BlackElo "2313"]
[PlyCount "33"]
[EventDate "2019.08.17"]
[EventType "swiss"]
[EventRounds "9"]
[EventCountry "GER"]
[SourceTitle "EXT 2020"]
[Source "ChessBase"]
[SourceDate "2019.10.17"]
[SourceVersion "1"]
[SourceVersionDate "2019.10.17"]
[SourceQuality "1"]

1. Nf3 c5 2. c4 Nf6 3. Nc3 g6 4. e4 d6 5. d4 cxd4 6. Nxd4 Nc6 7. Be2 Nxd4 8. Qxd4 Bg7 9. Be3 0-0 10. Qd2 a5 11. f3 a4 12. Rb1 Qa5 13. Kf2 Qe5 14. Bf4 Qc5+ 15. Be3 Qe5 16. Bf4 Qc5+ 17. Be3 1/2-1/2

[Event "Berlin Werner Ott op"]
[Site "Berlin"]
[Date "2019.06.30"]
[Round "9"]
[White "Stern, Rene"]
[Black "Foerster, Jonas"]
[Result "1-0"]
[WhiteElo "2538"]
[BlackElo "2274"]
[PlyCount "77"]
[EventDate "2019.06.22"]
[EventType "swiss"]
[EventRounds "9"]
[EventCountry "GER"]
[SourceTitle "EXT 2022"]
[Source "ChessBase"]
[SourceDate "2021.10.06"]
[SourceVersion "1"]
[SourceVersionDate "2021.10.06"]
[SourceQuality "1"]

1. Nf3 d6 2. d4 g6 3. e4 Bg7 4. c3 Nf6 5. Bd3 0-0 6. 0-0 Nc6 7. d5 Nb8 8. h3 c6 9. c4 Na6 10. Nc3 Nc5 11. Bc2 a6 12. Be3 cxd5 13. exd5 Qc7 14. Nd4 e5 15. dxe6 Nxe6 16. Na4 Nxd4 17. Bxd4 Be6 18. Nb6 Rad8 19. Rc1 Nd7 20. Bxg7 Kxg7 21. Qd4+ Kg8 22. Nd5 Bxd5 23. Qxd5 Rfe8 24. Be4 Nc5 25. Bf3 Qb6 26. Qd4 Qb4 27. Rfd1 a5 28. h4 Re5 29. g3 Ne6 30. Qd2 b6 31. Rc3 a4 32. Bd5 Qc5 33. Kg2 Nc7 34. Bf3 h5 35. Rd3 Re6 36. Rd4 Rf6 37. b4 axb3 38. axb3 Qf5 39. Rf4 1-0

[Event "Berlin Werner Ott op"]
[Site "Berlin"]
[Date "2019.06.25"]
[Round "4"]
[White "Nohr, Jonas"]
[Black "Stern, Rene"]
[Result "1-0"]
[WhiteElo "2108"]
[BlackElo "2538"]
[PlyCount "71"]
[EventDate "2019.06.22"]
[EventType "swiss"]
[EventRounds "9"]
[EventCountry "GER"]
[SourceTitle "EXT 2022"]
[Source "ChessBase"]
[SourceDate "2021.10.06"]
[SourceVersion "1"]
[SourceVersionDate "2021.10.06"]
[SourceQuality "1"]

1. c4 e6 2. Nc3 d5 3. e3 Nf6 4. Nf3 Be7 5. b3 0-0 6. Bb2 b6 7. Be2 Bb7 8. Qc2 dxc4 9. Bxc4 a6 10. h4 Nbd7 11. Ng5 Re8 12. f4 Nf8 13. 0-0-0 b5 14. Be2 c5 15. Bf3 Bxf3 16. gxf3 c4 17. bxc4 Rc8 18. Kb1 Rxc4 19. d3 Rc6 20. Qg2 Ba3 21. Rhg1 Nh5 22. Bxa3 Rxc3 23. Bxf8 Rxf8 24. Qb2 Rxd3 25. Qc2 Nf6 26. Qxd3 Qe7 27. Qd4 g6 28. h5 Nxh5 29. Rh1 h6 30. Ne4 f5 31. Nc5 Rc8 32. Nb3 a5 33. Qd7 Qf8 34. Qxe6+ Kh7 35. Rd7+ Ng7 36. Rg1 1-0

[Event "Berlin Werner Ott op"]
[Site "Berlin"]
[Date "2019.06.24"]
[Round "3"]
[White "Stern, Rene"]
[Black "Boettcher, Patrick"]
[Result "1-0"]
[WhiteElo "2538"]
[BlackElo "2107"]
[PlyCount "99"]
[EventDate "2019.06.22"]
[EventType "swiss"]
[EventRounds "9"]
[EventCountry "GER"]
[SourceTitle "EXT 2022"]
[Source "ChessBase"]
[SourceDate "2021.10.06"]
[SourceVersion "1"]
[SourceVersionDate "2021.10.06"]
[SourceQuality "1"]

1. Nf3 c5 2. c4 Nc6 3. Nc3 e5 4. e3 Nf6 5. d4 e4 6. d5 exf3 7. dxc6 dxc6 8. Qxd8+ Kxd8 9. gxf3 Bd6 10. b3 Re8 11. Bb2 b6 12. 0-0-0 Kc7 13. Bd3 Bh3 14. Rhg1 g6 15. Rd2 Rad8 16. Nb5+ cxb5 17. Bxf6 Rd7 18. cxb5 Be5 19. Bh4 h6 20. Bg3 Bd6 21. Rgd1 Bxg3 22. hxg3 h5 23. f4 Bg4 24. Be2 Rxd2 25. Rxd2 Bf5 26. Bd3 Bg4 27. Kc2 Bf3 28. Kc3 Rh8 29. b4 h4 30. gxh4 cxb4+ 31. Kxb4 Rxh4 32. Kc3 Bb7 33. Kd4 Kd6 34. Be4 Bc8 35. Bd5 f6 36. Bb3 Bd7 37. a4 f5 38. Kc3+ Kc7 39. Bd5 Rh2 40. Kc2 Bc8 41. Kd1 Bd7 42. Ke2 Rh7 43. Rd1 Be8 44. Bc6 Re7 45. Bxe8 Rxe8 46. Rc1+ Kd7 47. Rc6 Rg8 48. Kf3 Rg7 49. Kg3 g5 50. Rf6 1-0

[Event "Berlin Werner Ott op"]
[Site "Berlin"]
[Date "2019.06.22"]
[Round "1"]
[White "Stern, Rene"]
[Black "Ziems, Michael"]
[Result "1-0"]
[WhiteElo "2538"]
[BlackElo "1793"]
[PlyCount "39"]
[EventDate "2019.06.22"]
[EventType "swiss"]
[EventRounds "9"]
[EventCountry "GER"]
[SourceTitle "EXT 2022"]
[Source "ChessBase"]
[SourceDate "2021.10.06"]
[SourceVersion "1"]
[SourceVersionDate "2021.10.06"]
[SourceQuality "1"]

1. Nf3 e6 2. c4 d5 3. d4 Nf6 4. Nc3 Be7 5. Bg5 0-0 6. e3 b6 7. Qc2 Bb7 8. Bxf6 Bxf6 9. cxd5 exd5 10. Bd3 g6 11. 0-0-0 Nc6 12. a3 a5 13. h4 Ba6 14. Nxd5 Qxd5 15. Be4 Qa2 16. Qxc6 Be7 17. Bd5 Qa1+ 18. Kc2 Bd3+ 19. Kb3 a4+ 20. Kc3 1-0

[Event "GER-ch blitz"]
[Site "Magdeburg"]
[Date "2019.05.25"]
[Round "17"]
[White "Ehmann, Thilo"]
[Black "Stern, Rene"]
[Result "1-0"]
[WhiteElo "2291"]
[BlackElo "2538"]
[PlyCount "138"]
[EventDate "2019.05.25"]
[EventType "tourn (blitz)"]
[EventRounds "29"]
[EventCountry "GER"]
[SourceTitle "CBM 190 Extra"]
[Source "ChessBase"]
[SourceDate "2019.07.15"]
[SourceVersion "1"]
[SourceVersionDate "2019.07.15"]
[SourceQuality "1"]

1. e4 e5 2. Nf3 Nc6 3. Bb5 Nf6 4. 0-0 Nxe4 5. d4 Nd6 6. Bxc6 dxc6 7. dxe5 Nf5 8. Qxd8+ Kxd8 9. h3 Be7 10. Rd1+ Ke8 11. Bg5 Bxg5 12. Nxg5 h6 13. Nf3 Be6 14. Nc3 h5 15. Rd2 Rd8 16. Rxd8+ Kxd8 17. Rd1+ Ke7 18. Ng5 g6 19. g4 hxg4 20. hxg4 Ng7 21. f3 b6 22. Kg2 f6 23. exf6+ Kxf6 24. Nxe6 Nxe6 25. Rd7 g5 26. Ne4+ Ke5 27. Re7 Rg8 28. b4 Rg6 29. a3 Kd4 30. Kg3 a5 31. bxa5 bxa5 32. Rf7 a4 33. Rf5 c5 34. c3+ Kc4 35. Re5 Kb3 36. Nxc5+ Nxc5 37. Rxc5 c6 38. f4 gxf4+ 39. Kxf4 Kxa3 40. Kf5 Rd6 41. g5 Kb3 42. g6 a3 43. g7 Rd8 44. Rxc6 a2 45. Ra6 Rc8 46. Kf6 Kb2 47. Kf7 Rc7+ 48. Kg8 Rc8+ 49. Kh7 Rc7 50. Kh8 Rc6 51. Ra7 Rh6+ 52. Kg8 Rf6 53. Kh7 Rf7 54. Rxf7 a1Q 55. g8Q Qh1+ 56. Kg7 Qg2+ 57. Kh8 Qh2+ 58. Qh7 Qe5+ 59. Qg7 Qe8+ 60. Kh7 Qe4+ 61. Qg6 Qh4+ 62. Kg7 Qc4 63. Rb7+ Kc1 64. Qg5+ Kc2 65. Qg2+ Kd1 66. Qb2 Ke1 67. Rd7 Kf1 68. Qd2 Kg1 69. Qf2+ Kh1 1-0